01017 am a2200241 a 450000500170000000800410001702000150005804100080007310000260008124501330010725000110024026000780025130000180032950002120034765300110055965300180057065300370058865300370062565300350066265300270069765300280072465300230075220231220101011.0100831s1999||||ag a f |||| 001 0 spa d a9504394078 aspa1 aCelis, María Ester. aFisiología Humana.bT.2 Fisiología Sanguinea. Cardiaca. Respiratoria. Nutricional. Digestiva y Renal /cMaría Ester Celis. a1a ed. aCórdoba [Argentina]:bUniversidad Nacional de Córdoba ; Gador;c1999. a1-653 p.bil. aCelis, M. E. (1999). Fisiología Humana. T.2 Fisiología Sanguínea. Cardíaca. Respiratoria. Nutricional. Digestiva y Renal. (1a ed.). Córdoba [Argentina] : Universidad Nacional de Córdoba ; Gador.  aSangre aInmunología aFisiología de la circulación aFisiología de la respiración aFisiología de la nutrición aFisiología digestiva aFisiología de la piel aFisiología renal